000 00587cam a22002291 4500
001 sa 63001269
003 DLC
005 20260227111926.0
008 900208s1962 ii 000 0 hino
010 _asa 63001269
035 _a(OCoLC)21021791
040 _aDLC
_cWaU
_dDLC
042 _apremarc
043 _aa-ii---
050 0 0 _aPK2040
_b.A9
100 1 _aAvtare, Shanker Dev,
_d1926-
245 1 0 _aHindī sāhitya meṃ kāvyarūpoṃ ke prayoga.
260 _c[1962]
300 _a361 p.
_c23 cm.
500 _aIn Hindi.
650 0 _aHindi poetry
_xHistory and criticism.
999 _c53882
_d53882